| Поле | Название | Значение |
| |
Тип записи |
a |
| |
Библиографический уровень |
m |
| 001 |
Контрольный номер |
RU\infra-m\znanium\bibl\1876281 |
| 005 |
Дата корректировки |
20230313235256.8 |
| 008 |
Кодируемые данные |
221116s2022 RU g rus u |
| 020 |
Индекс ISBN |
__ |
| a |
ISBN |
978-5-16-013962-3 |
| 020 |
Индекс ISBN |
__ |
| a |
ISBN |
978-5-16-107820-4 |
| 040 |
Источник каталогиз. |
__ |
| a |
Служба первич. каталог. |
Общество с ограниченной ответственностью «ЗНАНИУМ» |
| 041 |
Код языка издания |
__ |
| a |
Код языка текста |
rus |
| 044 |
Код страны публикации |
__ |
| a |
Код страны публикации |
RU |
| 080 |
Индекс УДК |
__ |
| a |
Индекс УДК |
338.48(075.32) |
| 084 |
Индекс другой классификации/Индекс ББК |
__ |
| 2 |
Источник индекса |
rubbk |
| a |
Индекс другой классификации/Индекс ББК |
75.81я723 |
| 084 |
Индекс другой классификации/Индекс ББК |
__ |
| 2 |
Источник индекса |
okso |
| a |
Индекс другой классификации/Индекс ББК |
43.02.10 |
| 100 |
Автор |
__ |
| a |
Автор |
Абабков Юрий Николаевич |
| q |
Полное имя |
Юрий Николаевич |
| 245 |
Заглавие |
__ |
| a |
Заглавие |
Маркетинг в туризме |
| b |
Продолж. заглавия |
Учебник |
| c |
Ответственность |
Санкт-Петербургский государственный университет сервиса и экономики; Санкт-Петербургский государственный университет сервиса и экономики; Санкт-Петербургский государственный политехнический университет Петра Великого |
| 250 |
Сведения об издании |
__ |
| a |
Основные сведения об издании |
1 |
| 260 |
Выходные данные |
__ |
| a |
Место издания |
Москва |
| b |
Издательство |
ООО "Научно-издательский центр ИНФРА-М" |
| c |
Дата издания |
2023 |
| 300 |
Физическое описание |
__ |
| a |
Объем |
214 с. |
| 440 |
Серия |
__ |
| a |
Серия |
Среднее профессиональное образование |
| 520 |
Аннотация |
__ |
| a |
Аннотация |
В учебнике раскрываются современные подходы к маркетинговой деятельности туристских предприятий в условиях рынка мотивационные основы туристского спроса а также модели потребительского поведения в туризме. В учебнике рассматриваются системы маркетинга в туризме современные подходы к маркетинговой деятельности туристских предприятий в условиях рынка организационные структуры управления маркетингом в индустрии туризма. |
| 521 |
Примеч. о цел. назн. |
__ |
| a |
Примеч. о целев. назн. |
Среднее профессиональное образование |
| 650 |
Тематические рубрики |
__ |
| a |
Основная рубрика |
Реклама. Маркетинг. PR |
| x |
Основная подрубрика |
Отраслевой маркетинг |
| 700 |
Другие авторы |
__ |
| a |
Другие авторы |
Абабкова Марианна Юрьевна |
| q |
Полное имя |
Марианна Юрьевна |
| 700 |
Другие авторы |
__ |
| a |
Другие авторы |
Филиппова Инга Георгиевна |
| q |
Полное имя |
Инга Георгиевна |
| 856 |
Электронный адрес документа |
4_ |
| a |
Имя сервера/домена |
znanium.com |
| m |
Помощь |
ebs_support@infra-m.ru |
| n |
Местонахождение сервера |
НИЦ ИНФРА-М |
| u |
URL |
https://znanium.com/catalog/document?id=421412 |
| 856 |
Электронный адрес документа |
41 |
| a |
Имя сервера/домена |
znanium.com |
| d |
Путь |
/cover/1876 |
| f |
Электронное имя |
1876281.jpg |
| q |
Тип электронного формата |
image/jpeg |
| u |
URL |
https://znanium.com/cover/1876/1876281.jpg |
| 911 |
|
__ |
| u |
|
0030=https://znanium.com/catalog/document?id=421412 |
| 911 |
|
__ |
| u |
|
608a=Учебник |
| u |
|
6082=local |
| 911 |
|
__ |
| u |
|
712a=Санкт-Петербургский государственный университет сервиса и экономики |
| 911 |
|
__ |
| u |
|
712a=Санкт-Петербургский государственный политехнический университет Петра Великого |
| 911 |
|
__ |
| u |
|
9036=281 |
| 911 |
|
__ |
| u |
|
951p=s://znanium.com/catalog/document?id=421412&pid= |